000 00591nam a2200217 i 4500
003 DO-SdBNP
005 20240710112331.0
007 ta
008 240710b1991 sp ||||| |||| 00| 0 spa d
020 _a8432070297
040 _aDO-SdBNP
_bspa
_cBNPHU
_erda
082 4 _222
100 _aMoix, Terenci,
_d1942-2003
_947717
_eautor
245 1 0 _aGarras de astracán /
_cTerenci Moix
250 _a8a edición
264 _aBarcelona :
_bPlaneta,
_c1991.
300 _a643 páginas ;
_c21
440 _aAutores Españoles e Hispanpamericanos
_986027
910 _aBtavárez
942 _2ddc
_cLBS1
999 _c57237
_d57237